Les plus grandes villes côtières des États-Unis - Statistiques

Statistiques générales
  • Ce quiz a été pris 34 fois
    23 depuis la dernière actualisation
  • Le résultat moyen est 9 sur 20
Statistiques - réponses
Population Ville % Correct
8 478 072 New-York
100%
673 458 Boston
95%
3 878 704 Los Angeles
95%
487 014 Miami
95%
827 526 San Francisco
90%
1 404 452 San Diego
86%
780 995 Seattle
86%
1 009 833 Jacksonville
71%
344 967 Honolulu
33%
450 901 Long Beach
33%
342 259 San Juan
24%
454 808 Virginia Beach
24%
289 600 Anchorage
19%
231 105 Norfolk
19%
317 317 Corpus Christi
14%
190 641 Fort Lauderdale
14%
228 202 Tacoma
5%
193 151 Huntigton Beach
0%
170 941 Oceanside
0%
200 616 Oxnard
0%
Aucun quiz correspondant
Distribution des résultats
% des personnes avec chaque résultat
Percentile par nombre de réponses
Votre historique - résultats
Vous n’avez pas pris ce quiz depuis la dernière actualisation